LEADER 00886nam0 2200277 450 001 000021216 005 20090108115301.0 100 $a20090108f18671900km-y0itay50------ba 101 0 $afre 102 $aFR 105 $ay-------001yy 200 1 $a<>livre de la ferme et des maisons de campagne$fpar P. Joigneaux ... [et al.] 205 $a3. éd. 210 $aParis$cDelagrave$d[1867-1990]$cMasson 215 $av.$d28 cm 327 0 $a1.$a2. 500 10$a<>livre de la ferme et des maisons de campagne$948083 610 1 $aAgricoltura 676 $a630.2$v19 700 1$aJoigneaux,$bPierre$f<1815-1892>$072089 801 0$aIT$bUNIPARTHENOPE$c20090108$gRICA$2UNIMARC 912 $a000021216 951 $aA630.2/2[1]$b9318$cNAVA1$d2009 951 $aA630.2/2[2]$bs. i.$cNAVA1$d2009 996 $aLivre de la ferme et des maisons de campagne$948083 997 $aUNIPARTHENOPE LEADER 02247nam 2200589 a 450 001 9910450576503321 005 20200520144314.0 010 $a0-8262-6419-0 035 $a(CKB)1000000000031608 035 $a(OCoLC)613407414 035 $a(CaPaEBR)ebrary10085559 035 $a(SSID)ssj0000176598 035 $a(PQKBManifestationID)11922899 035 $a(PQKBTitleCode)TC0000176598 035 $a(PQKBWorkID)10206026 035 $a(PQKB)11246831 035 $a(MiAaPQ)EBC3570830 035 $a(Au-PeEL)EBL3570830 035 $a(CaPaEBR)ebr10085559 035 $a(OCoLC)932325721 035 $a(EXLCZ)991000000000031608 100 $a20041117d2005 ub 0 101 0 $aeng 135 $aurcn||||||||| 181 $ctxt 182 $cc 183 $acr 200 03$aAn imaginative Whig$b[electronic resource] $ereassessing the life and thought of Edmund Burke /$fedited with an introduction by Ian Crowe 210 $aColumbia $cUniversity of Missouri Press$dc2005 215 $a1 online resource (259 p.) 300 $aBased on presentations from a conference held at the Russell Kirk Center, Mecosta, Mich., in May 2002. 311 $a0-8262-1557-2 320 $aIncludes bibliographical references and index. 330 $a"Explores the significance of Edmund Burke's eighteenth-century writings on multiculturalism, the impact of postmodern and relativist methodologies, the boundaries of church-state relationships, and religious tolerance by emphasizing his career and his position on historiography, moral philosophy, jurisprudence, and philosophical skepticism"--Provided by publisher. 606 $aPolitical scientists$zGreat Britain$vBiography 606 $aStatesmen$zGreat Britain$vBiography 606 $aOrators$zGreat Britain$vBiography 607 $aGreat Britain$xPolitics and government$y18th century 608 $aElectronic books. 615 0$aPolitical scientists 615 0$aStatesmen 615 0$aOrators 676 $a941.07/3/092 676 $aB 701 $aCrowe$b Ian$0601781 801 0$bMiAaPQ 801 1$bMiAaPQ 801 2$bMiAaPQ 906 $aBOOK 912 $a9910450576503321 996 $aAn imaginative Whig$92151857 997 $aUNINA